000 00783nam a2200241 i 4500
001 10103
003 ES-MaACL
005 20250829045055.0
007 t|
008 950209s1994 sp ||||1| spa d
020 _a84-7880-445-5
080 _a32(46)"1978- "
100 1 _aGarcía-Trevijano, Antonio.
_955341
245 1 3 _aEl Discurso de la República o del hecho nacional a la conciencia de España /
_cAntonio García Trevijano.
250 _a[1ª ed.].
260 _aMadrid :
_bTemas de Hoy,
_c1994.
300 _a300 p. ;
_c22 cm.
490 1 _aGrandes temas. Serie La tribuna
651 4 _aEspaña-
_xPolítica y gobierno-
_y1975-1982.
_98447
830 0 0 _aGrandes temas (Temas de Hoy)
_9237065
852 _aES-MaACL
_jL-17577
_bR.123516
999 _c10103
_d10103